000 00500nam a2200217Ia 4500
003 OSt
005 20221005130317.0
006 a|||||r|||| 00| 0
007 ta
008 221004b |||||||| |||| 00| 0 eng d
024 _a119436
037 _cTextual
040 _aCRL
_cCRL
_beng
041 _2eng
_aeng
100 _aMcDaniel H B
_9637916
245 0 _aReading in guidence
260 _c1959
650 _aPHILOSOPHY
942 _cTEXL
_2cc
999 _c1056807
_d1056807